<?xml version="1.0" encoding="UTF-8"?>
<record
    xmlns:xsi="http://www.w3.org/2001/XMLSchema-instance"
    xsi:schemaLocation="http://www.loc.gov/MARC21/slim http://www.loc.gov/standards/marcxml/schema/MARC21slim.xsd"
    xmlns="http://www.loc.gov/MARC21/slim">

  <leader>00316nam a2200133Ia 4500</leader>
  <controlfield tag="008">191201s2018    xx            000 0 und d</controlfield>
  <datafield tag="082" ind1=" " ind2=" ">
    <subfield code="a">615.321 KOP</subfield>
  </datafield>
  <datafield tag="100" ind1=" " ind2=" ">
    <subfield code="a">KOKATE,C.K</subfield>
  </datafield>
  <datafield tag="245" ind1=" " ind2="0">
    <subfield code="a">Pharmacognosy</subfield>
  </datafield>
  <datafield tag="260" ind1=" " ind2=" ">
    <subfield code="b">Nirali Prakashan</subfield>
    <subfield code="a">New Delhi</subfield>
    <subfield code="c">2018</subfield>
  </datafield>
  <datafield tag="300" ind1=" " ind2=" ">
    <subfield code="a">MISC</subfield>
  </datafield>
  <datafield tag="650" ind1=" " ind2=" ">
    <subfield code="a">Pharmacognosy</subfield>
  </datafield>
  <datafield tag="942" ind1=" " ind2=" ">
    <subfield code="2">ddc</subfield>
    <subfield code="c">BK</subfield>
  </datafield>
  <datafield tag="999" ind1=" " ind2=" ">
    <subfield code="c">8419</subfield>
    <subfield code="d">8419</subfield>
  </datafield>
  <datafield tag="952" ind1=" " ind2=" ">
    <subfield code="0">0</subfield>
    <subfield code="1">0</subfield>
    <subfield code="2">ddc</subfield>
    <subfield code="4">0</subfield>
    <subfield code="7">0</subfield>
    <subfield code="8">DP</subfield>
    <subfield code="a">PIET</subfield>
    <subfield code="b">PIET</subfield>
    <subfield code="d">2019-09-03</subfield>
    <subfield code="e">Kirti Prakashan</subfield>
    <subfield code="g">750.00</subfield>
    <subfield code="k">IN4776</subfield>
    <subfield code="l">3</subfield>
    <subfield code="o">615.321 KOP</subfield>
    <subfield code="p">DP835</subfield>
    <subfield code="q">2022-12-19</subfield>
    <subfield code="r">2022-12-05 00:00:00</subfield>
    <subfield code="s">2022-12-05</subfield>
    <subfield code="v">562.50</subfield>
    <subfield code="w">2019-09-03</subfield>
    <subfield code="y">BK</subfield>
  </datafield>
  <datafield tag="952" ind1=" " ind2=" ">
    <subfield code="0">0</subfield>
    <subfield code="1">0</subfield>
    <subfield code="2">ddc</subfield>
    <subfield code="4">0</subfield>
    <subfield code="7">0</subfield>
    <subfield code="8">DP</subfield>
    <subfield code="a">PIET</subfield>
    <subfield code="b">PIET</subfield>
    <subfield code="d">2019-09-03</subfield>
    <subfield code="e">Kirti Prakashan</subfield>
    <subfield code="g">750.00</subfield>
    <subfield code="k">IN4776</subfield>
    <subfield code="l">3</subfield>
    <subfield code="o">615.321 KOP</subfield>
    <subfield code="p">DP836</subfield>
    <subfield code="q">2026-10-23</subfield>
    <subfield code="r">2026-04-06 15:43:54</subfield>
    <subfield code="s">2026-04-06</subfield>
    <subfield code="v">562.50</subfield>
    <subfield code="w">2019-09-03</subfield>
    <subfield code="y">BK</subfield>
  </datafield>
  <datafield tag="952" ind1=" " ind2=" ">
    <subfield code="0">0</subfield>
    <subfield code="1">0</subfield>
    <subfield code="2">ddc</subfield>
    <subfield code="4">0</subfield>
    <subfield code="7">0</subfield>
    <subfield code="8">DP</subfield>
    <subfield code="a">PIET</subfield>
    <subfield code="b">PIET</subfield>
    <subfield code="c">R04</subfield>
    <subfield code="d">2019-09-03</subfield>
    <subfield code="e">Kirti Prakashan</subfield>
    <subfield code="g">750.00</subfield>
    <subfield code="k">IN4776</subfield>
    <subfield code="l">0</subfield>
    <subfield code="o">615.321 KOP</subfield>
    <subfield code="p">DP837</subfield>
    <subfield code="r">2019-12-13 00:00:00</subfield>
    <subfield code="v">562.50</subfield>
    <subfield code="w">2019-09-03</subfield>
    <subfield code="y">REF</subfield>
  </datafield>
  <datafield tag="952" ind1=" " ind2=" ">
    <subfield code="0">0</subfield>
    <subfield code="1">0</subfield>
    <subfield code="2">ddc</subfield>
    <subfield code="4">0</subfield>
    <subfield code="7">0</subfield>
    <subfield code="8">DP</subfield>
    <subfield code="a">PIET</subfield>
    <subfield code="b">PIET</subfield>
    <subfield code="d">2019-09-03</subfield>
    <subfield code="e">Kirti Prakashan</subfield>
    <subfield code="g">750.00</subfield>
    <subfield code="k">IN4776</subfield>
    <subfield code="l">2</subfield>
    <subfield code="o">615.321 KOP</subfield>
    <subfield code="p">DP838</subfield>
    <subfield code="r">2022-12-26 00:00:00</subfield>
    <subfield code="s">2022-12-15</subfield>
    <subfield code="v">562.50</subfield>
    <subfield code="w">2019-09-03</subfield>
    <subfield code="y">BK</subfield>
  </datafield>
  <datafield tag="952" ind1=" " ind2=" ">
    <subfield code="0">0</subfield>
    <subfield code="1">0</subfield>
    <subfield code="2">ddc</subfield>
    <subfield code="4">0</subfield>
    <subfield code="7">0</subfield>
    <subfield code="8">DP</subfield>
    <subfield code="a">PIET</subfield>
    <subfield code="b">PIET</subfield>
    <subfield code="d">2019-09-03</subfield>
    <subfield code="e">Kirti Prakashan</subfield>
    <subfield code="g">750.00</subfield>
    <subfield code="k">IN4776</subfield>
    <subfield code="l">4</subfield>
    <subfield code="o">615.321 KOP</subfield>
    <subfield code="p">DP839</subfield>
    <subfield code="q">2026-07-24</subfield>
    <subfield code="r">2026-01-05 00:00:00</subfield>
    <subfield code="s">2026-01-05</subfield>
    <subfield code="v">562.50</subfield>
    <subfield code="w">2019-09-03</subfield>
    <subfield code="y">BK</subfield>
  </datafield>
</record>
